| 000 | 00619nam a22001937a 4500 | ||
|---|---|---|---|
| 999 |
_c5907 _d5907 |
||
| 003 | AR-CdUCM | ||
| 008 | 190313b ||||| |||| 00| 0 spa d | ||
| 040 |
_aMUNICIPALIDAD PROVINCIAL DEL CUSCO _cBIBLIOTECA MUNICIPAL DEL CUSCO |
||
| 082 |
_a869.56 / _bT25 |
||
| 100 |
_aTauro, Alberto _911692 |
||
| 245 | _aEl indigenismo a través de la poesía de Alejandro Peralta / | ||
| 260 |
_aLima : _bCampaña de impresiones y publicidad, _c1935. |
||
| 300 |
_a104 páginas ; _c19 cm. |
||
| 500 | _aDonación familia Nieto | ||
| 650 |
_aEnsayos peruanos _9233 |
||
| 650 |
_aSiglo XX _98 |
||
| 942 |
_2ddc _cLIBROS |
||
| 945 | _aafb | ||